000 00195 a2200097 4500
020 _a9780688132002
041 _aspa
100 _aVera B. Williams
245 _aUn Sillon para mi Mama
942 _cK
999 _c30501
_d30499